Homenaje al doctor Carlos Restrepo Piedrahita en el centenario de su nacimiento 1916 / (Registro nro. 4180)
[ vista simple ]
| 000 -LEADER | |
|---|---|
| fixed length control field | 01177nam a2200229Ia 4500 |
| 003 - CONTROL NUMBER IDENTIFIER | |
| control field | OSt |
| 005 - DATE AND TIME OF LATEST TRANSACTION | |
| control field | 20200930162251.0 |
| 008 - FIXED-LENGTH DATA ELEMENTS--GENERAL INFORMATION | |
| fixed length control field | 191128s2016 ck ao gr 000 0 spa d |
| 040 ## - CATALOGING SOURCE | |
| Original cataloging agency | CO-JMCR |
| Transcribing agency | CO-JMCR |
| 041 0# - LANGUAGE CODE | |
| Language code of text/sound track or separate title | spa |
| 082 04 - DEWEY DECIMAL CLASSIFICATION NUMBER | |
| Classification number | 923.7 / |
| Item number | H969h |
| Edition number | 23 |
| 245 00 - TITLE STATEMENT | |
| Title | Homenaje al doctor Carlos Restrepo Piedrahita en el centenario de su nacimiento 1916 / |
| 250 ## - EDITION STATEMENT | |
| Edition statement | Primera edición |
| 260 ## - PUBLICATION, DISTRIBUTION, ETC. | |
| Place of publication, distribution, etc. | Bogotá : |
| Name of publisher, distributor, etc. | Universidad Externado de Colombia, |
| Date of publication, distribution, etc. | 2016 |
| 300 ## - PHYSICAL DESCRIPTION | |
| Extent | 92 páginas : |
| Other physical details | fotografías a blanco y negro ; |
| Dimensions | 21 cm. |
| 490 0# - SERIES STATEMENT | |
| Series statement | Cuadernos culturales ; |
| Volume/sequential designation | 8 |
| 505 0# - FORMATTED CONTENTS NOTE | |
| Formatted contents note | Maestro Carlos Restrepo Piedrahita / Magdalena Correa Henao -- Semblanzas de Carlos Restrepo Piedrahita -- Semblanzas de la vida y obra de Carlos Restrepo Piedrahita / Por el maestro Fernando Hinestrosa |
| 520 3# - SUMMARY, ETC. | |
| Summary, etc. | El cuaderno cultural n.° 8, Homenaje al doctor Carlos Restrepo Piedrahita en el centenario de su nacimiento (1916), reúne semblanzas y discursos que sobre él escribiera el doctor Fernando Hinestroza, maestro y amigo |
| 600 14 - SUBJECT ADDED ENTRY--PERSONAL NAME | |
| Source of heading or term | Restrepo Piedrahita, Carlos, |
| General subdivision | homenajes póstumos |
| Chronological subdivision | 1916-2017 |
| 9 (RLIN) | 11051 |
| 650 14 - SUBJECT ADDED ENTRY--TOPICAL TERM | |
| Topical term or geographic name entry element | Personal docente |
| Geographic subdivision | Manizales |
| 9 (RLIN) | 11052 |
| 942 ## - ADDED ENTRY ELEMENTS (KOHA) | |
| Source of classification or shelving scheme | Dewey Decimal Classification |
| Koha item type | Books |
| Withdrawn status | Lost status | Source of classification or shelving scheme | Damaged status | Not for loan | Collection code | Home library | Current library | Date acquired | Source of acquisition | Total Checkouts | Full call number | Barcode | Date last seen | Date last checked out | Copy number | Koha item type |
|---|---|---|---|---|---|---|---|---|---|---|---|---|---|---|---|---|
| Dewey Decimal Classification | Non-fiction | Biblioteca Pública José María del Castillo y Rada | Biblioteca Pública José María del Castillo y Rada | 07/22/2018 | Donación | 1 | 923.7 / H969h | 201809004 | 09/19/2024 | 09/19/2024 | Ej.1 | Books |